000
00209nam a22000977a 4500
999
_c
16207
_d
16207
003
OSt
008
200623b ||||| |||| 00| 0 eng d
100
_a
S parameswaren
_9
4626
245
_a
Trigonometry
942
_c
BK